[Event "SVK-ch U12"]
[Site "Liptovsky Mikulas"]
[Date "2019.04.28"]
[Round "7"]
[White "Petrus, Daniel"]
[Black "Karapetsas, Athanasios"]
[Result "1/2-1/2"]
[WhiteElo "1179"]
[BlackElo "1173"]
[PlyCount "81"]
[EventDate "2019.04.23"]
[EventType "swiss"]
[EventRounds "9"]
[EventCountry "SVK"]
[SourceTitle "CBM 190 Extra"]
[Source "ChessBase"]
[SourceDate "2019.07.15"]
[SourceVersion "1"]
[SourceVersionDate "2019.07.15"]
[SourceQuality "1"]

1. e4 e5 2. Nf3 Nc6 3. d4 exd4 4. Nxd4 Bc5 5. Nxc6 bxc6 6. Nc3 Nf6 7. Bg5 0-0 8. Bd3 d6 9. Qf3 Be6 10. Bxf6 Qxf6 11. Qxf6 gxf6 12. Na4 Bd4 13. Nc3 Rab8 14. 0-0 Rxb2 15. Ne2 Be5 16. f4 Rxa2 17. fxe5 Rxa1 18. Rxa1 c5 19. Rxa7 c4 20. Rxc7 cxd3 21. cxd3 fxe5 22. Rc6 d5 23. Ng3 d4 24. Rc5 f6 25. Rc6 Ba2 26. Rb6 Kg7 27. Nf5+ Kg6 28. g4 Kg5 29. h3 Rc8 30. Rb2 Rc1+ 31. Kf2 Bb1 32. Ke2 Kf4 33. Ng7 Kg3 34. Ne8 Kxh3 35. Nxf6 Rg1 36. Rd2 Rg3 37. Nxh7 Rxg4 38. Nf6 Rg3 39. Nd7 Re3+ 40. Kd1 Bxd3 41. Nxe5 1/2-1/2

[Event "SVK-ch U12"]
[Site "Liptovsky Mikulas"]
[Date "2019.04.24"]
[Round "3"]
[White "Petrus, Daniel"]
[Black "Oruzinsky, Juraj"]
[Result "1-0"]
[WhiteElo "1179"]
[BlackElo "1311"]
[PlyCount "111"]
[EventDate "2019.04.23"]
[EventType "swiss"]
[EventRounds "9"]
[EventCountry "SVK"]
[SourceTitle "CBM 190 Extra"]
[Source "ChessBase"]
[SourceDate "2019.07.15"]
[SourceVersion "1"]
[SourceVersionDate "2019.07.15"]
[SourceQuality "1"]

1. e4 e5 2. Nf3 Nc6 3. d4 exd4 4. Nxd4 Nxd4 5. Qxd4 Nf6 6. Bg5 Be7 7. Bc4 0-0 8. e5 Re8 9. 0-0 Nh5 10. Bxe7 Qxe7 11. Re1 d6 12. Nc3 dxe5 13. Qe4 Nf6 14. Qe3 Qb4 15. Bb3 Bf5 16. Qg5 Qf4 17. Qxf4 exf4 18. Nb5 c6 19. Nd6 Rxe1+ 20. Rxe1 Bg6 21. Nxb7 h6 22. Ba4 Rb8 23. Bxc6 Bxc2 24. h3 Be4 25. Bxe4 Nxe4 26. Rxe4 Rxb7 27. b3 g5 28. Kf1 Rc7 29. Rc4 Rxc4 30. bxc4 f5 31. Ke2 Kf7 32. Kd3 Ke6 33. Kd4 Kd6 34. f3 a5 35. a4 Kc6 36. c5 h5 37. Kc4 g4 38. h4 g3 39. Kd4 Kd7 40. Kd5 Kc7 41. c6 Kc8 42. Kc5 Kb8 43. Kb6 Ka8 44. Kc7 Ka7 45. Kd8 Kb6 46. c7 Kc5 47. c8Q+ Kd4 48. Qxf5 Ke3 49. Qh3 Kf2 50. Ke7 Kg1 51. Kf6 Kf2 52. Kf5 Kf1 53. Kxf4 Kf2 54. Qxg3+ Kf1 55. Ke3 Kg1 56. Qh3 1-0

[Event "SVK-ch U10"]
[Site "Liptovsky Mikulas"]
[Date "2018.04.25"]
[Round "7"]
[White "Karapetsas, Athanasios"]
[Black "Petrus, Daniel"]
[Result "0-1"]
[WhiteElo "1237"]
[BlackElo "1122"]
[PlyCount "136"]
[EventDate "2018.04.21"]
[EventType "swiss"]
[EventRounds "9"]
[EventCountry "SVK"]
[SourceTitle "CBM 184 Extra"]
[Source "ChessBase"]
[SourceDate "2018.06.28"]
[SourceVersion "1"]
[SourceVersionDate "2018.06.28"]
[SourceQuality "1"]

1. e4 e6 2. d4 d5 3. exd5 exd5 4. Nf3 Nf6 5. Bf4 Bf5 6. Nc3 Bb4 7. Bd3 Bxd3 8. cxd3 0-0 9. Qb3 Bxc3+ 10. Qxc3 Re8+ 11. Be5 Nfd7 12. 0-0 Nxe5 13. dxe5 c6 14. Rfe1 Nd7 15. d4 Qc7 16. Re2 Re7 17. Rae1 Rae8 18. Qa3 Qb6 19. Re3 a6 20. b3 h6 21. R1e2 Re6 22. Qc1 f6 23. exf6 Rxe3 24. Rxe3 Rxe3 25. Qxe3 Nxf6 26. h3 Qa5 27. Qe7 Qb6 28. Nh4 Qxd4 29. Qxb7 Qxh4 30. Qxc6 d4 31. Qxa6 Qe4 32. Qc4+ Qd5 33. Qxd5+ Nxd5 34. Kf1 Kf7 35. g3 Ke6 36. Ke2 Nc3+ 37. Kd3 Nxa2 38. Kxd4 Nb4 39. Kc4 Nc6 40. f4 Na5+ 41. Kd3 Nxb3 42. g4 Nc5+ 43. Ke3 Nd7 44. f5+ Kf6 45. Kf4 Ne5 46. h4 Nd3+ 47. Kg3 Ke5 48. h5 Kf6 49. Kh4 Ne5 50. Kg3 Kg5 51. Kh3 Nxg4 52. f6 Nxf6 53. Kg3 Nxh5+ 54. Kh3 Nf6 55. Kg3 h5 56. Kh3 Kf4 57. Kh4 g5+ 58. Kh3 g4+ 59. Kh2 h4 60. Kg2 h3+ 61. Kh2 Kf3 62. Kg1 g3 63. Kf1 g2+ 64. Ke1 g1Q+ 65. Kd2 Qe3+ 66. Kd1 Qf2 67. Kc1 h2 68. Kd1 h1R# 0-1

[Event "SVK-ch U10"]
[Site "Liptovsky Mikulas"]
[Date "2018.04.22"]
[Round "2"]
[White "Petrus, Daniel"]
[Black "Kusy, Adam"]
[Result "0-1"]
[WhiteElo "1122"]
[BlackElo "1112"]
[PlyCount "98"]
[EventDate "2018.04.21"]
[EventType "swiss"]
[EventRounds "9"]
[EventCountry "SVK"]
[SourceTitle "CBM 184 Extra"]
[Source "ChessBase"]
[SourceDate "2018.06.28"]
[SourceVersion "1"]
[SourceVersionDate "2018.06.28"]
[SourceQuality "1"]

1. d4 d5 2. Nf3 Nf6 3. Bf4 c6 4. e3 e6 5. c4 Bb4+ 6. Nc3 0-0 7. Bd3 h6 8. 0-0 Bd6 9. Bxd6 Qxd6 10. c5 Qc7 11. Ne5 Nbd7 12. f4 b6 13. b4 a5 14. bxa5 bxc5 15. Nxd7 Bxd7 16. dxc5 Qxa5 17. Rc1 Qxc5 18. Re1 Qa7 19. Qf3 Qa3 20. f5 exf5 21. Bxf5 Bxf5 22. Qxf5 Rfc8 23. Qc2 Ra6 24. Ra1 Rb8 25. Rab1 Re8 26. Rb3 Qc5 27. Qd3 Raa8 28. Qd4 Qxd4 29. exd4 Rxe1+ 30. Kf2 Ree8 31. a4 Ne4+ 32. Nxe4 dxe4 33. Ra3 e3+ 34. Ke2 Rab8 35. Ra2 Rb4 36. a5 Rxd4 37. a6 Rd2+ 38. Rxd2 exd2+ 39. Kxd2 Ra8 40. Kc3 Rxa6 41. h4 c5 42. Kb3 Rc6 43. Kc4 Kf8 44. g4 Ke7 45. h5 Kd6 46. Kc3 c4 47. Kb2 c3+ 48. Kc2 Ke5 49. g5 hxg5 0-1